000 00502nam a2200169Ia 4500
003 GCL
008 140319s9999 xx 000 0 ara d
040 _aGCL /
_cGCL
082 0 4 _a813.01
_bم ح
100 1 _aمحمد السيد سالم
245 1 0 _aحريق فى حارة النكد /
_cمحمد السيد سالم
300 _a159 ص
490 _aقصص عربية
_v0
650 0 4 _aالقصص القصيرة
650 0 4 _aالادب العربى - العصر الحديث
942 _2ddc
_cBK
999 _c38824
_d38824